Fragile States Index Indicators - Statistics

General Stats
  • This quiz has been taken 4 times
  • The average score is 8 of 12
Answer Stats
Answer % Correct
Political Human Rights and Rule of Law
100%
Economic Uneven Economic Development
100%
Social Demographic Pressures
67%
Cross-cutting External Intervention
67%
Cohesion Factionalized Elites
67%
Cohesion Group Grievance
67%
Economic Human Flight and Brain Drain
67%
Political Public Services
67%
Social Refugees and IDPs
67%
Cohesion Security Apparatus
67%
Political State Legitimacy
67%
Economic Economic Decline
0%
No matching quizzes found
Score Distribution
Percent of People with Each Score
Percentile by Number Answered
Your Score History
You have not taken this quiz